Aktuální problémy mikroelektroniky

Salvato in:
Dettagli Bibliografici
Autore principale: Schránil, Pavel
Altri autori: Skokan, Jindřich
Natura: Libro
Lingua:ceco
Pubblicazione: Praha Horizont 1987
Edizione:1. vyd.
Tags: Aggiungi Tag
Nessun Tag, puoi essere il primo ad aggiungerne!!

MARC

LEADER 00000nam a2200000 4500
001 c032150
005 20221206135943.2
041 0 |a cze 
044 |a CZ 
245 1 0 |a Aktuální problémy mikroelektroniky  |c Pavel Schránil, Jindřich Skokan 
250 |a 1. vyd. 
264 1 |a Praha  |b Horizont  |c 1987 
300 |a 94 s. 
100 1 |a Schránil, Pavel 
700 1 |a Skokan, Jindřich